000 00365nam a2200145Ia 4500
008 220530s9999 xx 000 0 und d
020 _a9788126649426
040 _aeng
100 _aIGNOU
_961365
245 _aQUALITATIVE RESEARCH IN PSYCHOLOGY-4 RESEARCH METHODS
250 _aFIRST
260 _aNAGPUR
_bIGNOU
_c2017
300 _a100
650 _aRESEARCH
_961366
999 _c2559
_d2559